000 01019nam a2200253 i 4500
001 6288
003 ES-MaACL
005 20250905132332.0
007 t|
008 890920s1981 sp a |||| | spa d
020 _a84-7506-019-6 (O.C.)
080 _a05(460)
080 _a7(460)
245 0 3 _aEl Artista
_b: Madrid, 1835-1836 /
_cestudio preliminar por Ángel González García y Francisco Calvo Serraller.
300 _a3 v. :
_bil. ;
_c29 cm.
500 _aÍndices en: Colección de índices de publicaciones periódicas, v. 1.
505 8 _aContiene: t. I ;
_tEntregas I-XXVI - t. II ;
_tEntregas I-XXVI - t. III ;
_tEntregas I-XIII
534 _pReprod. de la publicación del mismo tít.:
_cMadrid : Imp. de Sancha, 1835-1836.
630 0 4 _aEl Artista (Madrid. 1835)-
_vFacsímiles.
_9167886
700 0 _aGonzález García, Angel,
_d1948-
_958645
700 _aCalvo Serraller, Francisco,
_d1948-2018
_9235031
852 _aES-MaACL
_jL-13496-98
_z- Enc. cart.
999 _c6288
_d6288